| 000 | 01415nam a22002057a 4500 | ||
|---|---|---|---|
| 003 | OSt | ||
| 005 | 20260408092621.0 | ||
| 008 | 260408b |||||||| |||| 00| 0 eng d | ||
| 040 |
_aDLC _bEn _cDLC |
||
| 050 | _aDUCE TD 193 M36 | ||
| 100 |
_aManahan, Stanley E _q Stanley E Manahan |
||
| 245 |
_aEnvironmental Chemistry / _cBy Stanley E Manahan |
||
| 250 | _a7th | ||
| 260 |
_aLondon: _bLewis Publishers, _c2000. |
||
| 300 |
_axxix, 753 p. : _b ill., maps ; _c27 cm. |
||
| 500 | _aIncludes bibliographical references and index | ||
| 520 |
_aEnvironmental Chemistry provides a comprehensive introduction to the chemical processes that occur in the environment and the impact of human activities on air, water, soil, and living systems. The book explains the sources, reactions, transport, and fate of chemical substances in natural systems, emphasizing how pollutants are generated, distributed, and controlled. It explores key areas such as atmospheric chemistry (including air pollution and ozone depletion), aquatic chemistry (water quality and treatment), and geochemistry (soil and earth systems). The concept of the anthrosphere—human-made systems and their interaction with the natural environment—is highlighted to show how industrial activities affect ecological balance _uhttp://172.20.27.22:4000/handle/123456789/140 |
||
| 856 | _uhttp://172.20.27.22:4000/handle/123456789/140 | ||
| 942 |
_2lcc _cBK _n0 |
||
| 999 |
_c4411 _d4411 |
||